000
00273nam a2200109 a 4500
005
20201002053514.0
008
180426s2017 000 spa d
020
_a
9789945195095
245
0
_a
Proyecto Quiero 5 aƱos :.
260
_a
Santo Domingo,
_c
2017.
999
_c
46760
_d
46760
040
_a
DO-SdBNP